00875nam a22001817a 4500003000900000008004100009040007100050082001500121100002900136245002200165300002600187505039200213650002700605650001800632650001100650650001600661650001600677AR-CdUCM190315b ||||| |||| 00| 0 spa d aMUNICIPALIDAD PROVINCIAL DEL CUSCOcBIBLIOTECA MUNICIPAL DEL CUSCO a081 /bC96 aCúneo-Vidal, Rómulo  aObras Completas / a483 páginas ;c21cm aContenido: t.1: Historia de la civilización peruana -- Cacicazgos del sur del Perú -- t.2: Francisco Pizarro -- t.3. Guerras de los últimos Incas peruanos -- t.4: Precursores y mártires de la independencia del Perú -- t.5: San Marcos de Arica -- Leyendas de Arica, Tarapaca y Atacama -- t.6: Diccionario histórico biográfico del sur del Perú -- t.7: Enciclopedia incana  aHistoria de los incas  aTahuantinsuyo aIncas  aCacicazgos  aMártires